Normal view
MARC view
- Freedom Fight
Entry Topical Term
001 - CONTROL NUMBER
- control field: 2460
003 - CONTROL NUMBER IDENTIFIER
- control field: OSt
005 - DATE AND TIME OF LATEST TRANSACTION
- control field: 20191116125225.0
008 - FIXED-LENGTH DATA ELEMENTS
- fixed length control field: 191116|| aca||babn | a|a d
040 ## - CATALOGING SOURCE
- Original cataloging agency: OSt
150 ## - HEADING--TOPICAL TERM
- Topical term or geographic name entry element: Freedom Fight
